书目信息 |
| 题名: |
热工原理
|
|
| 作者: | 赵玉珍 编 | |
| 分册: | ||
| 出版信息: | 哈尔滨 哈尔滨工业大学出版社 1990.12 |
|
| 页数: | 487页 | |
| 开本: | 32开 | |
| 丛书名: | ||
| 单 册: | ||
| 中图分类: | TK12 | |
| 科图分类: | ||
| 主题词: | 热力工程--理论 | |
| 电子资源: | ||
| ISBN: | 7-5603-0480-X | |
| 000 | 00536nam0 2200193 45 | |
| 001 | 0009121520 | |
| 005 | 20000912152132.5 | |
| 010 | @a7-5603-0480-X@d12.00元 | |
| 100 | @a20000912d1990 km y0chiy0120 ea | |
| 101 | 0 | @achi |
| 105 | @a z 000yy | |
| 200 | 1 | @a热工原理@ARe Gong Yuan Li@f赵玉珍编@FZhao Yu Zhen Bian |
| 210 | @a哈尔滨@c哈尔滨工业大学出版社@d1990.12 | |
| 215 | @a487页@d32开 | |
| 606 | 0 | @a热力工程@x理论 |
| 690 | @aTK12@v3 | |
| 701 | 0 | @a赵玉珍@4编 |
| 801 | @aCN@bPftUser@c20000912 | |
| 905 | @b137998-002@dTK12@eZH981@f5 | |
| 热工原理/赵玉珍编.-哈尔滨:哈尔滨工业大学出版社,1990.12 |
| 487页;32开 |
| ISBN 7-5603-0480-X:12.00元 |
| ● |
| 相关链接 |
|
|
|
正题名:热工原理
索取号:TK12/ZH981
 
预约/预借
| 序号 | 登录号 | 条形码 | 馆藏地/架位号 | 状态 | 备注 |
| 1 | 137998 | 201379980 | 能源与建筑环境工程学院资料室/201建筑库 28排4列2层/ [索取号:TK12/ZH981] | 在馆 | |
| 2 | 137999 | 201379999 | 能源与建筑环境工程学院资料室/201建筑库 28排4列2层/ [索取号:TK12/ZH981] | 在馆 | |
| 3 | 138000 | 201380004 | 能源与建筑环境工程学院资料室/201建筑库 28排4列2层/ [索取号:TK12/ZH981] | 在馆 | |
| 4 | 138001 | 201380013 | 自科库501/501自科库 135排9列6层/ [索取号:TK12/ZH981] | 在馆 | |
| 5 | 138002 | 201380022 | 自科库501/501自科库 135排9列6层/ [索取号:TK12/ZH981] | 在馆 |